Slovak as a Foreign Language in Terms of the Integration Processes in the Slovak Republic
Metodologické východisko výskumu vyučovania slovenčiny ako cudzieho jazyka v Slovenskej republike. Slovenčina ako cudzí jazyk v rámci vzdelávacieho systému Slovenskej republiky. Príprava legislatívy (zákon o pobyte cudzincov na Slovensku), ktorá bude vyžadovať, aby cudzinci žiadajúci o pobyt na Slov...
Gespeichert in:
| 1. Verfasser: | |
|---|---|
| Weitere Verfasser: | |
| Format: | Buchkapitel |
| Sprache: | Englisch |
| Schlagworte: | |
| Tags: |
Keine Tags, Fügen Sie das erste Tag hinzu!
|
MARC
| LEADER | 00000naa a2200000 4500 | ||
|---|---|---|---|
| 001 | 0305304 | ||
| 005 | 20241216112036.6 | ||
| 041 | 0 | |a eng | |
| 044 | |a BG | ||
| 245 | 1 | 0 | |a Slovak as a Foreign Language in Terms of the Integration Processes in the Slovak Republic |c Roman Kvapil, Martina Šipošová |
| 520 | |a Metodologické východisko výskumu vyučovania slovenčiny ako cudzieho jazyka v Slovenskej republike. Slovenčina ako cudzí jazyk v rámci vzdelávacieho systému Slovenskej republiky. Príprava legislatívy (zákon o pobyte cudzincov na Slovensku), ktorá bude vyžadovať, aby cudzinci žiadajúci o pobyt na Slovensku absolvovali štandardizovaný test/skúšku v akreditovanej vzdelávacej inštitúcii. | ||
| 610 | 2 | 0 | |a jazyky cudzie |
| 610 | 2 | 0 | |a slovenčina |
| 610 | 2 | 0 | |a metodika |
| 610 | 2 | 0 | |a výskum |
| 610 | 2 | 0 | |a učebnice |
| 610 | 2 | 0 | |a testy |
| 610 | 2 | 0 | |a vzdelávanie |
| 610 | 2 | 0 | |a cudzinci |
| 610 | 2 | 0 | |a eurozóna |
| 610 | 2 | 0 | |a štúdie prípadové |
| 100 | 1 | |a Kvapil, Roman, 1971- | |
| 700 | 1 | |a Šipošová, Martina | |